[Event "Augsburg Gutmann Memorial 4th"]
[Site "Augsburg"]
[Date "2014.01.03"]
[Round "8"]
[White "Prusikin, Michael"]
[Black "Rooze, Jan"]
[Result "1-0"]
[WhiteElo "2532"]
[BlackElo "2340"]
[Annotator "Prusikin,M"]
[PlyCount "79"]
[EventDate "2013.12.27"]
[EventType "tourn"]
[EventRounds "9"]
[EventCountry "GER"]
[EventCategory "7"]
[SourceTitle "EXT 2015"]
[Source "ChessBase"]
[SourceDate "2014.11.20"]
[SourceVersion "1"]
[SourceVersionDate "2014.11.20"]
[SourceQuality "1"]

1. d4 Nf6 2. Nf3 e6 3. c4 c5 4. d5 exd5 5. cxd5 d6 6. Nc3 g6 7. Bf4 {Eine
Variante, die dem Anziehenden einen leichten, aber dauerhaften Vorteil
verspricht.} a6 8. a4 Bg7 9. h3 O-O 10. e3 Ne8 11. Be2 Nd7 12. O-O Qe7 13. Re1
$5 Ne5 14. Nd2 f5 15. a5 $1 Rb8 $6 $146 {Der erste neue Zug, aber wohl kein
guter.} (15... g5 $5 16. Bxe5 Bxe5 17. Nc4 Bd7 18. Na4 Rd8 19. Nab6 $14) 16.
Na4 (16. Qb3 $1 {ich spürte, dass dieser Zug richtig sein muss, befürchtete
aber, dass der Königsflügel in Abwesenheit der Dame schwach werden könnte:} g5
17. Bxe5 Bxe5 18. Bxa6 g4 {aber mit dem genauen} 19. g3 $1 gxh3 20. Bf1 $1 $16
{hätte Weiß die Kontrolle behalten.}) 16... Bd7 17. Qb3 Bxa4 18. Rxa4 Nc7 {
Diagramm [#]} (18... Nf6 $5 19. e4 $1 fxe4 20. Nxe4 Nf7 $1 21. Bd1 Rbe8 22. Bd2
Qd7 23. Bc3 Nxe4 24. Raxe4 Bxc3 25. Qxc3 Rxe4 26. Rxe4 Ng5 27. Re3 Qf5 28. Qd2
$16) 19. e4 $1 {Die zentrale Idee von Weiß nach dem schwarzen f7-f5. Durch die
Öffnung der e-Linie kommt Weiß an das schwache Feld e6 heran.} fxe4 20. Bg3 $1
(20. Rxe4 $2 {So gut kann die Stellung gar nicht sein, dass man sie mit einem
unvorsichtigen Zug nicht ruinieren könnte!} Rxf4 $1 21. Rxf4 Bh6 22. Re4 Bxd2
23. Rd1 Qg5 24. h4 Qf5 25. Rxe5 Qxe5 26. Rxd2 Nb5 $15) 20... e3 21. Qxe3 Kh8 (
21... Nxd5 22. Qb3 Qf7 23. Ne4 b5 24. axb6 Rxb6 25. Qd1 Nf4 26. Bxa6 $16) (
21... Rbe8 22. Qb3 Qd7 23. Re4 Nb5 24. f4 Nf7 25. Bg4 Qd8 26. Nc4 Rxe4 27. Rxe4
Nh6 28. Be6+ Kh8 29. Be1 $16) 22. Qb3 Qd7 23. Ne4 Nb5 (23... Nxd5 24. Rd1 c4 (
24... b5 25. axb6 Nxb6 26. Ra2 c4 27. Qb4 d5 28. Rxa6 Qf5 29. Nc3 (29. Nd6 Qc2
30. Qd2 Qxd2 31. Rxd2 Kg8 32. Ra7) 29... Nbd7 30. Qa5 Rxb2 31. Rxd5 $16) 25.
Rxc4 $1 Nxc4 26. Bxc4 Nf4 27. Nxd6 $16) 24. Ng5 $1 c4 $2 {Schade, mit diesem
schwachen Zug unterbricht Schwarz den logischen Partieverlauf. Ich hatte mich
bereits auf das folgende Qualitätsopfer eingestellt:} (24... Nd4 25. Rxd4 cxd4
26. Ne6 Rfe8 27. f4 (27. Nxd4 $2 Qc7 28. Ra1 Nf3+ $3) 27... Nf7 28. Bf2 $16)
25. Bxc4 $18 Nd4 26. Qd1 h6 27. Bxe5 (27. Ne6 $1 Nef3+ 28. gxf3 Nxf3+ 29. Kf1
Nxe1 30. Kxe1 $18) 27... Bxe5 28. Ne6 Nxe6 29. dxe6 Qe7 30. b3 Rf4 31. Bd5 Rbf8
32. Rxf4 Rxf4 33. Qc2 Bd4 34. Re2 Kg7 35. Qc8 $1 Qh4 36. e7 Rxf2 37. Qg8+ Kf6
38. Re6+ Kg5 39. Qxg6+ Kf4 40. Re4# 1-0

[Event "Sautron op 14th"]
[Site "Sautron"]
[Date "2014.10.27"]
[Round "4"]
[White "Barbot, Pierre"]
[Black "Lagarde, Maxime"]
[Result "1/2-1/2"]
[WhiteElo "2440"]
[BlackElo "2566"]
[Annotator "RR"]
[PlyCount "35"]
[EventDate "2014.10.26"]
[EventType "swiss"]
[EventRounds "9"]
[EventCountry "FRA"]
[SourceTitle "EXT 2015"]
[Source "ChessBase"]
[SourceDate "2014.11.20"]
[SourceVersion "1"]
[SourceVersionDate "2014.11.20"]
[SourceQuality "1"]
[TimeControl "40/5400+30:1800+30"]

1. d4 {[%emt 0:00:00]} Nf6 {[%emt 0:00:00]} 2. c4 {[%emt 0:00:00]} c5 {[%emt 0:
01:00] Le GMI joue plus souvent la Gruenfeld mais Pierre la connait bien} 3. d5
{[%emt 0:00:00]} e6 {[%emt 0:00:03]} 4. Nc3 {[%emt 0:00:00]} exd5 {[%emt 0:00:
02]} 5. cxd5 {[%emt 0:00:00]} d6 {[%emt 0:00:03]} 6. Nf3 {[%emt 0:00:04]} g6 {
[%emt 0:00:08]} 7. Bf4 {[%emt 0:00:03]} (7. e4) (7. Nd2) 7... Bg7 {[%emt 0:00:
40]} (7... a6 8. a4 Bg7 9. h3 O-O 10. e3 Ne8 11. Be2 Nd7 12. O-O Rb8 13. Nd2
Ne5 14. a5 f5 15. Bg3 Bd7 16. Qb3 b5 17. axb6 Rxb6 18. Qc2 Bb5 19. Nxb5 axb5
20. Nb3 {Sargissian,G (2690)-Short,N (2646) Douglas PokerStars op 2014 (8) 0-1}
(20. Ra7 Nc7 21. Rfa1 {Arsovic inf 122})) 8. Qa4+ $5 {[%emt 0:00:04] Un coup
intermédiaire devenu populaire à haut niveau qui force la réponse Bd7 pour
désorganiser la défense Noire} Bd7 {[%emt 0:00:03]} (8... Kf8 $6 9. e4 a6 10.
Be2 $14 {Kalantarian,N (2455)-Emms,J (2535) Paris Apsap 1994 (3) 1-0}) 9. Qb3 {
[%emt 0:00:05][%csl Rb7,Rd6]} b5 {[%emt 0:00:01]} (9... Qc7 $143 10. e4 O-O 11.
Nd2 Nh5 12. Be3 f5 13. exf5 gxf5 14. Be2 Be8 15. Nf3 $16 {Piket,J (2630)-Van
Wely,L (2655) Monaco m Monte Carlo 1997 (7) 1-0}) 10. Bxd6 {[%emt 0:13:09]
Après une longue réflexion, les Blancs évitent de rentrer dans les
complications de la variante 10.Nb5} (10. Nxb5 Bxb5 11. Qxb5+ Nbd7 12. Bxd6 Ne4
$13 {Polgar,Z (2495)-Illescas Cordoba,M (2505) Bilbao 1987 0-1}) 10... Qb6 {
[%emt 0:00:35]} 11. Be5 {[%emt 0:00:56]} O-O {[%emt 0:00:13]} 12. e3 {[%emt 0:
00:23]} c4 {[%emt 0:00:06]} 13. Qb4 $6 $146 {[%emt 0:04:05]} (13. Qd1 b4 (13...
Na6 14. Be2 b4 (14... Rfe8)) 14. Ne2 Bb5 15. Ned4 Nbd7 16. Nxb5 Qxb5 17. Bd4
Qxd5 18. Be2 Nb6 19. O-O Rac8 20. Rc1 Rfd8 21. Qe1 c3 22. bxc3 bxc3 23. Ba6 Rc7
24. Rxc3 Rxc3 25. Qxc3 Ne4 26. Qa3 Bxd4 27. Nxd4 Qc5 28. Qxc5 Nxc5 29. Bb5 Ne6
30. Nxe6 fxe6 31. Rc1 Rd2 32. a4 Ra2 33. g3 a6 34. Bxa6 Rxa4 35. Bb5 Ra5 36.
Be2 Nd7 37. Rc7 Nf8 38. Bc4 Ra4 39. Kg2 Rb4 40. h4 h6 41. f4 h5 42. Kf3 Ra4 {
Aronian,L (2805)-Gashimov,V (2761) Wijk aan Zee 2012 1-0}) 13... a5 $1 {
[%emt 0:10:50]} 14. Qd6 {[%emt 0:01:03]} Qb7 {[%emt 0:12:43][%csl Rd6][%cal
Ga8a6]} (14... Qxd6 15. Bxd6 Re8 $11) 15. Rd1 {[%emt 0:17:19]} (15. a4 $1 b4
16. Nb5 Bxb5 17. Bxf6) 15... Ra6 {[%emt 0:04:42]} 16. Qc5 {[%emt 0:05:52]} (16.
Qc7 Qa8) 16... b4 {[%emt 0:05:38]} 17. Nb1 {[%emt 0:06:34]} Rc8 $17 {[%emt 0:
15:34][%csl Gb4,Gc4,Re1] Les Noirs ont profité de la position aventureuse de
la Q} 18. Qd4 {[%emt 0:00:32] Une nulle de salon entre coéquipiers mais une
partie intéressante} 1/2-1/2

[Event "URS-chT Cup 11th"]
[Site "Rostov on Don"]
[Date "1980.05.??"]
[Round "3"]
[White "Kaplun, Leonid I"]
[Black "Kapengut, Albert Z"]
[Result "0-1"]
[WhiteElo "2320"]
[BlackElo "2470"]
[Annotator "RR"]
[PlyCount "58"]
[EventDate "1980.05.23"]
[EventType "team-tourn"]
[EventRounds "7"]
[EventCountry "URS"]
[SourceTitle "EXT 2020"]
[Source "ChessBase"]
[SourceDate "2019.10.17"]
[SourceVersion "1"]
[SourceVersionDate "2019.10.17"]
[SourceQuality "1"]
[WhiteTeam "Avangard"]
[BlackTeam "Spartak"]
[WhiteTeamCountry "URS"]
[BlackTeamCountry "URS"]

1. d4 Nf6 2. c4 e6 3. Nc3 c5 4. d5 exd5 5. cxd5 d6 6. Nf3 g6 7. Nd2 Bg7 8. Nc4
O-O 9. Bg5 (9. Bf4) 9... h6 10. Bf4 Na6 {[%cal Ga6c7,Gb7b5]} 11. Qd2 $146 (11.
Bxd6 {Petran,P (2445)-Barczay,L (2450) Zamardi GM+ 1980 0-1}) 11... b5 (11...
Nh5 $2 12. Bxh6 Bxc3 $5 13. Qxc3 Re8 14. h3 {[%cal Gg2g4]}) 12. Nxb5 (12. Nxd6
Nc7 13. e4 Ba6 14. Be2 $16) 12... Ne4 $1 {[%cal Ga6b4]} 13. Qc1 Nb4 $5 {
[%cal Gb4d5]} 14. f3 a6 (14... Qh4+ 15. g3 Qe7 16. Rg1 (16. fxe4 $2 Qxe4 $17 {
[%cal Ge4c4,Ge4h1]})) 15. Nbxd6 $2 (15. Nc7 $1 Nf6 16. Nxa8) 15... Nxd6 16.
Bxd6 (16. Nxd6 Nxd5 $13 {[%cal Gd5f4]} 17. Nc4 Nxf4 18. Qxf4 Be6 $32) 16... Re8
17. e4 Rxe4+ $3 {[%csl Re1]} 18. fxe4 Qh4+ 19. Bg3 Qxe4+ 20. Ne3 Bd4 {[%csl
Gd4]} 21. Bf2 Bf5 (21... Nxd5) 22. Be2 Bxe3 23. Bxe3 Qxg2 24. Rg1 Qxh2 25. Qc4
$2 (25. Qd2 $142 Nc2+ 26. Kd1 Nxa1 27. Bf3 $13) 25... Re8 26. Kd2 Bd3 27. Qg4
Qe5 28. Bd4 cxd4 29. Rae1 Qe3+ {[%mdl 512]} 0-1

[Event "Sautron op 14th"]
[Site "Sautron"]
[Date "2014.10.25"]
[Round "5"]
[White "Dumitrache, Dragos Nicolae"]
[Black "Stephan, Victor"]
[Result "1/2-1/2"]
[WhiteElo "2413"]
[BlackElo "2331"]
[Annotator "RR"]
[PlyCount "79"]
[EventDate "2014.10.26"]
[EventType "swiss"]
[EventRounds "9"]
[EventCountry "FRA"]
[SourceTitle "EXT 2015"]
[Source "ChessBase"]
[SourceDate "2014.11.20"]
[SourceVersion "1"]
[SourceVersionDate "2014.11.20"]
[SourceQuality "1"]
[TimeControl "40/5400+30:1800+30"]
[WhiteClock "0:41:21"]
[BlackClock "0:05:07"]

1. d4 {[%emt 0:00:00]} Nf6 {[%emt 0:08:13]} 2. c4 {[%emt 0:00:05]} c5 {[%emt 0:
00:18]} 3. d5 {[%emt 0:00:06]} e6 {[%emt 0:00:07]} 4. Nc3 {[%emt 0:00:12]} exd5
{[%emt 0:00:25]} 5. cxd5 {[%emt 0:00:06]} d6 {[%emt 0:00:06]} 6. Nf3 {[%emt 0:
02:41]} g6 {[%emt 0:00:30]} 7. Bf4 {[%emt 0:01:18]} Bg7 {[%emt 0:01:50]} 8. h3
{[%emt 0:00:16]} (8. Qa4+ Bd7 9. Qb3 $36) 8... O-O {[%emt 0:01:27]} 9. e3 $5 {
[%emt 0:00:03] Evite le contre-jeu habituel des Noirs sur le P"e4"} a6 {
[%emt 0:00:32]} (9... Na6 10. Be2 Nc7 11. O-O a6 12. a4 Rb8 13. a5 b5 14. axb6
Rxb6 $132 {Melkumyan,H (2600)-Jobava,B (2713) Lake Sevan Martuni 2011 (7) 0-1})
10. a4 {[%emt 0:00:04]} Qe7 {[%emt 0:01:08]} (10... Ne8 11. Be2 Nd7 12. O-O Rb8
13. Nd2 Ne5 14. a5 f5 15. Bg3 Bd7 16. Qb3 b5 17. axb6 Rxb6 18. Qc2 Bb5 19. Nxb5
axb5 20. Nb3 g5 21. Na5 f4 22. Bh2 Nc7 23. Rfd1 Kh8 24. Qe4 Qf6 25. exf4 gxf4
26. Nb3 Na6 27. Nd2 c4 28. Qb1 Nc5 29. Ne4 Nxe4 30. Qxe4 Rb7 31. Ra5 Nd7 32. b4
cxb3 33. Bd3 Qh6 34. Qb4 Nc5 35. Bb1 Be5 36. Rxb5 Rg7 37. Be4 Nxe4 38. Qxe4
Qxh3 39. Kh1 Qh5 {0-1 (39) Sargissian,G (2690)-Short,N (2646) Douglas 2014})
11. Nd2 {[%emt 0:00:51]} Nbd7 {[%emt 0:03:50]} 12. Be2 {[%emt 0:02:10]} Ne8 {
[%emt 0:03:16]} 13. O-O {[%emt 0:00:28]} f5 {[%emt 0:01:05] Dans l'esprit de
la défense Benoni mais affaiblissant} 14. Nc4 {[%emt 0:00:57][%csl Gc4]} Ne5 {
[%emt 0:04:57]} 15. Bxe5 $5 $146 {[%emt 0:11:36][%csl Gc4] Il ne s'agissait
pas d'une préparation puisque les Blancs ont dépensé près de 12 mns sur
cette position mais le Nc4 peut dominer l'aile-dame.} (15. Nb6 Rb8 16. Bh2 Nf6
17. Kh1 Nfd7 18. Nxc8 Rbxc8 19. Re1 c4 20. f4 Nd3 21. Bxd3 cxd3 22. Qxd3 Bxc3
23. bxc3 Nc5 24. Qe2 Ne4 25. c4 Rc5 26. g4 Qh4 27. Kg2 Rfc8 28. Rec1 b5 29.
axb5 axb5 30. Ra7 bxc4 31. Rf1 Rxd5 32. Qf3 c3 33. gxf5 gxf5 34. Kh1 Rd2 35.
Rg1+ Kh8 36. Rg2 c2 37. Rxd2 c1=Q+ 38. Bg1 Qxd2 {0-1 (38) Fressinet,L (2696)
-Battaglini,G (2452) Bastia 2011}) 15... Bxe5 {[%emt 0:06:12]} 16. Qd2 {
[%emt 0:03:43]} Rb8 {[%emt 0:14:31]} 17. Rab1 {[%emt 0:02:38]} (17. Nb6 Qc7 (
17... Nf6 {[%cal Gf6e4]}) 18. a5 $14) 17... Nf6 {[%emt 0:05:37]} 18. Nxe5 {
[%emt 0:02:09]} Qxe5 {[%emt 0:01:09]} 19. b4 {[%emt 0:00:34]} Nd7 {[%emt 0:03:
11]} 20. a5 {[%emt 0:17:53][%cal Gc3a4]} cxb4 {[%emt 0:07:42]} 21. Na4 $44 {
[%emt 0:01:09]} Nc5 {[%emt 0:02:34]} 22. Rxb4 {[%emt 0:00:56]} (22. Qxb4 Nxa4
23. Qxa4 $14) 22... Nxa4 {[%emt 0:02:08]} 23. Rxa4 {[%emt 0:00:04]} b5 {
[%emt 0:01:47]} 24. axb6 {[%emt 0:00:07]} Rxb6 {[%emt 0:00:04]} 25. Qa5 {
[%emt 0:03:46]} Qb2 {[%emt 0:06:16]} 26. Bd3 $1 {[%emt 0:00:45][%cal Gf1b1]}
Bd7 {[%emt 0:06:22]} 27. Ra2 {[%emt 0:00:30]} (27. Rb1 $143 Qxb1+ 28. Bxb1
Rxb1+ 29. Kh2 Bxa4 30. Qxa4 Ra8 $132 {[%csl Ga6]} 31. Qd7 a5 32. Qe6+ Kh8 33.
Qxd6 a4 {[%csl Ga4]}) 27... Qb4 {[%emt 0:02:56]} 28. Qxb4 {[%emt 0:00:16]} Rxb4
{[%emt 0:00:03]} 29. Rxa6 {[%emt 0:00:06]} Rf6 {[%emt 0:01:02][%csl Rf6]} 30.
Rc1 $36 {[%emt 0:01:31]} Rb7 {[%emt 0:00:43] Les R Noires sont mal placées et
la partie a basculé} 31. Ra8+ {[%emt 0:02:19]} Rf8 {[%emt 0:01:01]} 32. Ba6 $1
{[%emt 0:00:25]} Rxa8 {[%emt 0:03:29]} 33. Bxb7 {[%emt 0:01:26]} Ra7 {[%emt 0:
00:04]} 34. Rc7 {[%emt 0:00:30]} Be8 {[%emt 0:00:52]} 35. Rc8 {[%emt 0:02:47]}
Rxb7 {[%emt 0:00:26]} 36. Rxe8+ {[%emt 0:00:05]} Kf7 {[%emt 0:00:21]} 37. Re6
$1 {[%emt 0:00:55]} Rb6 {[%emt 0:02:04]} 38. Kh2 {[%emt 0:01:14]} Ra6 {[%emt 0:
01:01]} 39. g4 {[%emt 0:01:28] Un échange qui simplifie la défense des Noirs}
(39. Kg3 {[%cal Gg3f4,Gf4g5]}) 39... fxg4 {[%emt 0:05:04]} 40. hxg4 1/2-1/2

[Event "Donner Memorial"]
[Site "Amsterdam"]
[Date "1996.08.28"]
[Round "10"]
[White "Sokolov, Ivan"]
[Black "Kamsky, Gata"]
[Result "1-0"]
[WhiteElo "2670"]
[BlackElo "2745"]
[Annotator "Rogozenco,D"]
[PlyCount "165"]
[EventDate "1996.08.17"]
[EventType "tourn"]
[EventRounds "11"]
[EventCountry "NED"]
[EventCategory "16"]
[SourceTitle "CBM 055"]
[Source "ChessBase"]
[SourceDate "1996.12.01"]
[SourceVersion "1"]
[SourceVersionDate "1996.12.01"]
[SourceQuality "1"]

1. d4 {Hecht} Nf6 2. c4 e6 3. Nf3 c5 4. d5 exd5 5. cxd5 d6 6. Nc3 g6 7. h3 {
The negative side of early position of the knight on f3 when playing against
Benoni, is the impossibility to play the unpleasant variation for Black with
e4, Bd3, h3, Nf3. If 7.e4, then Black can play 7. ...a6 8.a4 Bg4.} a6 8. a4 Qe7
{Not allowing 9.e4.In this game White tries to use queen's position on e7 by
preparing to push his central pawns.} 9. Bf4 (9. Bg5 Bg7 10. e3 O-O 11. Bd3 (
11. Be2) 11... Nbd7 12. O-O Ne5 13. Bc2 $5 $14 {Novikov-Cobb, EuCup, 96}) 9...
Nbd7 10. e3 (10. Nd2 Ne5 11. e4 {This natural move has a big defect:it loses
control over f4-square,and as a consequence over e5-square.When White prepares
f2-f4,Black simply plays g6-g5 with a comfortable position.} Bg7 12. Be2 O-O
13. O-O Nfd7 14. Bg3 g5 15. f4 gxf4 16. Bxf4 Ng6 17. Bh2 Nde5 {Timoshchenko-De
Firmian, Yerevan(ol.) 96}) 10... Bg7 11. Be2 O-O 12. O-O Rb8 (12... Ne8 13. Bh2
b6 14. Nd2 Rb8 $14) 13. Bh2 Re8 14. Nd2 Ne5 15. Kh1 (15. f4 $2 Nd3 16. Bxd3
Qxe3+) 15... g5 16. f4 gxf4 17. exf4 Ng6 18. Bd3 Bd7 19. a5 $1 Rbd8 20. Nf3 (
20. Qc2 $5 Nh5 21. g4) 20... Qe3 21. Ng5 Nh4 (21... h6 $2 22. Ne6 Bxe6 23. dxe6
$18) 22. Qc2 $16 h6 23. Nf3 Nxf3 24. Rxf3 Qd4 25. f5 {/\ 26.Rf4+-.} Re3 26. Bg1
Qxd3 27. Qxd3 Rxd3 28. Rxd3 Bxf5 29. Re3 Nd7 30. Rf1 Bg6 31. Ne4 Bxb2 (31...
Be5 $142) 32. Nxd6 Ne5 33. Rb3 Bd4 34. Rb6 Bxg1 35. Kxg1 $18 c4 36. Rc1 Kf8 37.
Nxb7 Rxd5 38. Rxa6 Rd2 39. Rd6 Ra2 40. Rd5 Be4 41. Rxe5 Bxb7 {[#] Hecht: Nach
Tausch von g2 gegen c4 Annähern des wK an den a-Freibauern, Schlechterstellen
des sT (vor und nicht mehr hinter den a-Bauern!), Lavieren, nach T-Tausch
Verwandlung des Freibauern durch Aussperren des L, schwierige Technik, aktive
Aufstellung der wT verhindert Aktivierung des sK} 42. Rxc4 Rxg2+ 43. Kf1 Ra2
44. Ke1 Kg7 45. h4 Bg2 46. Rec5 Bh3 47. Rb4 Be6 {The endgame is easy winning.
Black dosn't have any counterplay-the pawn cannot be moved from f7 and the
king cannot come into play.} 48. Kd1 Kf6 49. Rb6 Kg7 50. Kc1 Ra4 51. h5 Bg4 52.
Kd2 Ra3 53. Kc2 Ra4 54. Kb3 Bd1+ 55. Kc3 Ra3+ (55... Bg4 56. Rb4 Ra3+ 57. Kb2
Rg3 58. a6 $18) 56. Kb4 Ra1 57. Kb5 Bf3 58. Rd6 Rb1+ 59. Ka6 Rb2 60. Rb6 Rd2
61. Ka7 Rd8 62. Rb8 Rd7+ 63. Kb6 Rd6+ 64. Kc7 Ra6 65. Rb6 Ra7+ 66. Kd6 Be2 67.
Rb2 Bf3 68. Rf5 Be4 69. Re5 Bf3 70. Rf2 Bh1 71. Rb5 Be4 72. Ra2 Bd3 73. Rb6 Kf6
74. Kc5+ Kg5 75. a6 Kxh5 76. Rd6 Be4 77. Rd8 Kg5 78. Kb6 Ra8 79. Rxa8 Bxa8 80.
Rc2 f5 81. Rc8 Be4 82. a7 f4 83. Rc6 1-0

[Event "Tata Steel-A 77th"]
[Site "Wijk aan Zee"]
[Date "2015.01.25"]
[Round "13"]
[White "So, Wesley"]
[Black "Van Wely, Loek"]
[Result "1-0"]
[WhiteElo "2762"]
[BlackElo "2667"]
[Annotator "So,Wesley"]
[PlyCount "63"]
[EventDate "2015.01.10"]
[EventType "tourn"]
[EventRounds "13"]
[EventCountry "NED"]
[EventCategory "20"]
[SourceTitle "CBM 165"]
[Source "ChessBase"]
[SourceDate "2015.03.11"]
[SourceVersion "1"]
[SourceVersionDate "2015.03.11"]
[SourceQuality "1"]

{I look forward to getting invited to Wijk aan Zee again next year. This
important tournament has had such a long and prestigious tradition that being
in a small and windy town for almost 20 days is totally worth it. Going into
the last round on the back of a loss against Anish Giri was tough, but at the
same time losses are inevitable. I told myself never to give up and just to
play my own game. Loek was also having a relatively unstable tournament, and
anything can happen for the last round.} 1. d4 Nf6 2. c4 e6 3. Nf3 c5 {A
surprise. I don't recall Loek having played the Benoni recently before.} 4. d5
d6 5. Nc3 exd5 6. cxd5 g6 7. Bf4 a6 (7... Bg7 8. Qa4+ Bd7 9. Qb3 {occurred in
a game of mine against John Bryant a month earlier. I suppose that this game
is what my opponent's prep is based upon.}) 8. a4 Bg7 9. h3 (9. e3 {gives
Black an extra option of} Nh5) {The text restricts Black's options and here
Loek started to think.} 9... O-O 10. e3 Nh5 {The most direct plan, but it
simply does not work well. Black's undeveloped pieces on the queenside means
that his early offensive will fail.} (10... Re8 11. Nd2 {recent games show
that White is nevertheless slightly better here.}) 11. Bh2 f5 12. Be2 {The
most natural square for White's bishop.} f4 13. Qd2 {A slight inaccuracy as I
forgot my opening preparation.} ({Simply much better for White is:} 13. O-O Qe7
(13... fxe3 14. fxe3 Qe7 15. Qd3 Bh6 16. Ne4 Bf5 17. Nfd2 $16) 14. Qc2 Nd7 (
14... fxe3 15. fxe3 Qxe3+ (15... Nd7 16. Qe4) 16. Kh1 Bf5 17. Qd2 Re8 18. Rae1
$16) 15. Qe4 $1 Ne5 16. Nxe5 Bxe5 17. Bxh5 Bf5 18. Qf3 gxh5 19. Bxf4 Bg6 20.
Qg3 Bxf4 21. exf4 h4 22. Qg4) 13... Bh6 (13... fxe3 14. Qxe3 Re8 15. Qd2 Qe7
16. O-O Bxc3 17. Qxc3 $16 {this was the main idea. White is simply winning.})
14. e4 Bg7 (14... Nd7 {meets the powerful} 15. g4 fxg3 16. Qxh6 gxh2 17. Ng5 {
and I thought White is better here. Later analysis confirmed my assessment:}
Qe7 18. Bxh5 gxh5 19. Qe6+ Qxe6 20. dxe6 Nf6 21. e7 Re8 22. O-O-O Rxe7 23. Rxd6
$36 {White retains the initiative even in the ending.}) 15. O-O Nd7 16. Ne1 {
A typical regrouping. My only problem right now is my bishop on h2. Once it
gets freed my position will be almost winning.} Ndf6 $6 {This was dubious. But
Loek had been using a lot of time and I was kind of expecting mistakes would
come soon.} ({Black should have played} 16... Qg5 $142 17. Bxh5 (17. g4 Ne5 18.
Kh1 $2 Qh4 $19) 17... gxh5 18. Ne2 Bh6 19. f3 Ne5 20. Kh1 $13 {when Black has
great counterplay.}) 17. Nd3 Qe8 (17... c4 18. Nxf4 Bh6 19. Qe3 Qe8 20. Bf3 Qf7
21. Rad1 {White will slowly untangle and retain his extra pawn. e4-e5 is
threatened for example.}) (17... g5 18. e5 dxe5 19. Nxe5 {does not help Black.
His knight on h5 is sidelined and the passed d-pawn could become very annoying.
}) 18. Rfe1 g5 (18... c4 19. Nb4 g5 20. Bxc4 g4 21. e5 dxe5 22. Nd3 g3 23. Nxe5
$1 gxh2+ 24. Kh1 $16 {This is one example, in which White's centralised pieces
more than compensate for his bishop.}) 19. e5 $1 {I had been preparing this
pawn break for a long time as it is clear it's the fastest way for White to
make progress.} dxe5 20. d6 Kh8 21. Bd1 $6 {As usual in Wijk, mistakes come
when players are in time trouble!} (21. Nxc5 g4 22. hxg4 Bxg4 23. Rad1 {
is probably better. The d-pawn is quite annoying for Black.}) 21... g4 $2 {
Loek decides to go forward! But in doing so he sacrifices quite a lot of pawns.
} ({Black's only chance was to defend his own people with} 21... Nd7 {when
there is nothing concrete} 22. Nd5 (22. Ne4 c4 23. Nb4) 22... Qg6 23. Nc7 Rb8
24. Bxh5 Qxh5 25. Ne6 Qf7 26. Nxf8 Qxf8 27. f3 $13 {the position is very
unclear.}) (21... e4 22. Nxc5 Bf5 23. N3xe4 Nxe4 24. Nxe4 Bxe4 25. d7 {this is
what I saw, when White is almost winning.}) 22. Rxe5 Qg6 23. Nxf4 Nxf4 24. Bxf4
gxh3 25. Rg5 Qf7 26. Be5 {The bishop on h2 has awakened and is now very well
placed.} Bd7 $2 {The final mistake but White was winning anyway.} (26... Be6
27. Bf3 Rg8 28. Rxg7 Rxg7 29. Ne4 Nxe4 30. Bxe4 Rag8 31. Qh6 $18 {White's
centralised bishops dominate the board.}) 27. Bb3 $1 Be6 (27... Qxb3 28. Rxg7 {
removes the last of Black's defenders} Kxg7 29. Qg5+ Kh8 30. Bxf6+ Rxf6 31.
Qxf6+ Kg8 32. Re1 Rf8 33. Qg5+ Kh8 34. Re7 $18) (27... c4 28. Bxc4 Qxc4 29.
Rxg7) 28. Bxe6 Qxe6 29. Re1 Qf7 (29... Rae8 30. Nd5) 30. Nd5 Nh5 {Losing very
quickly, but there was no defence anyway.} (30... Rae8 31. Nxf6 Bxf6 32. d7 Rd8
33. Qc3 $18) 31. Bxg7+ Nxg7 32. Re7 1-0